Writings of D.N.Dhanagare: the missing tradition: debates and discourses in Indian sociology (Record no. 8516)

MARC details
000 -LEADER
fixed length control field 00418nam a2200145Ia 4500
020 ## - INTERNATIONAL STANDARD BOOK NUMBER
ISBN 9788125054559
082 ## - DEWEY DECIMAL CLASSIFICATION NUMBER
Classification number 301.092 WRI;
100 ## - MAIN ENTRY--AUTHOR NAME
Personal name Dhanagare, D.N.
245 #0 - TITLE STATEMENT
Title Writings of D.N.Dhanagare: the missing tradition: debates and discourses in Indian sociology
260 ## - PUBLICATION, DISTRIBUTION, ETC. (IMPRINT)
Place of publication New Delhi
Name of publisher Orient Blackswan
Year of publication 2014
300 ## - PHYSICAL DESCRIPTION
Number of Pages xxvi, 390p
650 ## - SUBJECT ADDED ENTRY--TOPICAL TERM
Topical Term sociologistS - INDIA
650 ## - SUBJECT ADDED ENTRY--TOPICAL TERM
Topical Term DHANAGARE, D.N.
942 ## - ADDED ENTRY ELEMENTS (KOHA)
Koha item type Books
Holdings
Withdrawn status Lost status Damaged status Not for loan Home library Current library Date acquired Source of acquisition Bill Date Full call number Accession Number Price effective from Koha item type
        NASSDOC Library NASSDOC Library 20/01/2015 OL 2014-11-19 301.092 WRI; 48664 18/04/2019 Books